000 00563nam a22001812 4500
001 0000001009
005 20151217155807.0
008 070223s xx 000 0 eng d
040 _aKABU
_cKABU
050 0 _aDT439
_b.T46
100 1 _aThornhill, Christopher.
_@0000149495
245 1 0 _aTaking Tanganyika :
_bexperiences of intelligence officer 1914-1918 /
_cChristopher Thornhill.
300 _a288 p.
651 0 _aTanzania
_xDescription and travel.
_@0000149496
908 _a070223
950 _@1
999 _c12484
_d12484